Historia de la guerra del Peloponeso

Saved in:
Bibliografiske detaljer
Hovedforfatter: Tucídides (Author)
Format: Bog
Sprog:spansk
Udgivet: Ciudad de México Porrúa 1980
Udgivelse:Segunda edición
Serier:Sepan cuantos..., 290
Fag:
Tags: Tilføj Tag
Ingen Tags, Vær først til at tagge denne postø!

MARC

LEADER 00000nam a2200000 a 4500
001 UCQ0070
003 CL-VaPUC
005 20210604001651.0
008 980619e19800000MX |||||||||||||||||spa|d
999 |c 271231  |d 271229 
040 |c Pontificia Universidad Católica de Valparaíso 
082 0 4 |a 938.05 TUC 1980  |2 21 
100 0 |a Tucídides  |e author  |9 413077 
245 1 0 |a Historia de la guerra del Peloponeso 
250 |a Segunda edición 
260 |a Ciudad de México  |b Porrúa  |c 1980 
300 |a 438 páginas 
490 0 |a Sepan cuantos...,  |v  290 
583 |a last modification  |c 19980619 00:00:00  |k Rodrigo Vera 
650 0 |a Historia  |9 255047 
650 7 |a GUERRA DEL PELOPONESO 431-404 AC  |2 CL-VaPUC  |9 330380 
651 0 |a Grecia  |9 265314 
942 |c BK  |2 ddc 
945 |d 19980619 00:00:00  |a mvenant 
952 |0 0  |1 0  |4 0  |6 938_050000000000000_TUC_1980  |7 0  |8 A  |9 305826  |a BIBARQ  |b BIBARQ  |d 2019-11-20  |i 3437337  |o 938.05 TUC 1980  |p 3437337  |r 2025-01-20  |w 2019-11-20  |y BK  |k ARQ